Za pohádkou s vodníkem Leknínkem /
Kdyby velká povodeň nerozbila stavidlo na Leknínkově rybníku, žil by tam spokojeně dál. Jenže voda začala vysychat, a tak mu nezbylo nic jiného než si hledat nové bydlení a nastěhovat se do sousedního potoka. Jenže tam bydlí vodnická panenka Perlička, která ho tam nechce. Když ale Perlička onemocní...
Uloženo v:
| Hlavní autor: | |
|---|---|
| Médium: | E-kniha |
| Jazyk: | Czech |
| Vydáno: |
Praha :
Albatros Media a.s.,
2026
|
| Tagy: |
Žádné tagy |
| LEADER | 01467nam a22002297i 4500 | ||
|---|---|---|---|
| 001 | 299208 | ||
| 007 | ta | ||
| 008 | 260425s2026 xr ||||| |||| 00| 0 cze d | ||
| 020 | |a 9788025377659 | ||
| 044 | |a xr | ||
| 100 | 1 | |a Hoňková, Iva |4 aut | |
| 245 | 1 | 0 | |a Za pohádkou s vodníkem Leknínkem / |c Hoňková, Iva |
| 264 | 1 | |a Praha : |b Albatros Media a.s., |c 2026 | |
| 300 | |a 1 online zdroj (72 stran) | ||
| 336 | |a text |b txt |2 rdacontent | ||
| 337 | |a bez média |b n |2 rdamedia | ||
| 338 | |a online zdroj |b cr |2 rdacarrier | ||
| 520 | 2 | |a Kdyby velká povodeň nerozbila stavidlo na Leknínkově rybníku, žil by tam spokojeně dál. Jenže voda začala vysychat, a tak mu nezbylo nic jiného než si hledat nové bydlení a nastěhovat se do sousedního potoka. Jenže tam bydlí vodnická panenka Perlička, která ho tam nechce. Když ale Perlička onemocní záhadnou chorobou, ukáže se, že jediný, kdo jí může pomoct, je právě Leknínek. Podaří se vodníčkovi novou sousedku zachránit? A kde najde nový domov? | |
| 910 | |a RBIT002 | ||
| 998 | |d 426431 |a https://core.palmknihy.cz/api/books/426431/cover?tdzzgn |b https://core.palmknihy.cz/api/books/426431/cover/400?tdzzgn |c https://core.palmknihy.cz/api/books/426431/cover/50?tdzzgn |e 2035-12-31 |g 72 |i 9788025377659 |j https://core.palmknihy.cz/api/books/426431/preview.epub |k https://core.palmknihy.cz/api/books/426431/preview.pdf |l |q 49 |r 1 |s https://www.palmknihy.cz/kniha/426431 |t ebook |y 2026 |z 1 | ||
| 999 | |d 299206 | ||